لماذا نحتاج إلى النشاط و الحركة ؟ / (رقم التسجيلة. 114445)

تفاصيل مارك
000 -LEADER
fixed length control field 00713nam a22002297a 4500
005 - DATE AND TIME OF LATEST TRANSACTION
control field 20251108174640.0
008 - FIXED-LENGTH DATA ELEMENTS--GENERAL INFORMATION
fixed length control field 250721s2007 xx 000 0 ara d
020 ## - INTERNATIONAL STANDARD BOOK NUMBER
International Standard Book Number 9774271408
082 14 - DEWEY DECIMAL CLASSIFICATION NUMBER
Classification number ط/613/روي
100 1# - MAIN ENTRY--PERSONAL NAME
Personal name رويستون، أنجيلا
245 10 - TITLE STATEMENT
Title لماذا نحتاج إلى النشاط و الحركة ؟ /
264 1# - PRODUCTION, PUBLICATION, DISTRIBUTION, MANUFACTURE, AND COPYRIGHT NOTICE
Place of production, publication, distribution, manufacture القاهرة :
Name of producer, publisher, distributor, manufacturer الدار المصرية اللبنانية،
Date of production, publication, distribution, manufacture, or copyright notice 2007.
300 ## - PHYSICAL DESCRIPTION
Extent 24ص.
490 0# - SERIES STATEMENT
Series statement حافظ على صحتك
650 17 - SUBJECT ADDED ENTRY--TOPICAL TERM
Topical term or geographic name as entry element اطفال
650 17 - SUBJECT ADDED ENTRY--TOPICAL TERM
Topical term or geographic name as entry element الحركه
653 ## - INDEX TERM--UNCONTROLLED
Uncontrolled term نشاط
653 ## - INDEX TERM--UNCONTROLLED
Uncontrolled term اطفال مرحله متوسطه(6-9)سنوات
700 1# - ADDED ENTRY--PERSONAL NAME
Personal name عيد، حسين
Relator term مترجم
942 ## - ADDED ENTRY ELEMENTS (KOHA)
Source of classification or shelving scheme Dewey Decimal Classification
Koha item type كتب
المقتنيات
حالة السحب حالة الفقدان مصدر التصنيف حالة التلف غير قابل للإعارة المكتبة الرئيسية المكتبة الحالية موقع الرف تاريخ التزويد الرقم المتسلسل Total Checkouts رقم الإستدعاء الباركود تاريخ آخر ظهور تاريخ الفاتورة نوع المادة (كوها)
    Dewey Decimal Classification     المكتبة المركزية المكتبة المركزية الأطفال 28/07/2025 1228825   ط/613/روي PLD00045872 28/07/2025 28/07/2025 كتب
    Dewey Decimal Classification     مكتبة أبو علندا العامة مكتبة أبو علندا العامة الأطفال 23/10/2008 1228826   ط/613/روي PLD00046027 28/07/2025 23/10/2008 كتب
    Dewey Decimal Classification     مكتبة الأميرة ايمان العامة مكتبة الأميرة ايمان العامة الأطفال 23/10/2008 1228828   ط/613/روي PLD00046029 28/07/2025 23/10/2008 كتب
    Dewey Decimal Classification     مكتبة الاميرة بديعة مكتبة الاميرة بديعة الأطفال 23/10/2008 1228829   ط/613/روي PLD00046030 28/07/2025 23/10/2008 كتب
    Dewey Decimal Classification     مكتبة الجويدة مكتبة الجويدة الأطفال 23/10/2008 1228830   ط/613/روي PLD00046031 28/07/2025 23/10/2008 كتب
    Dewey Decimal Classification     مكتبة الحسن العامة مكتبة الحسن العامة الأطفال 23/10/2008 1228831   ط/613/روي PLD00046032 28/07/2025 23/10/2008 كتب
    Dewey Decimal Classification     مكتبة النصر العامة مكتبة النصر العامة الأطفال 23/10/2008 1228833   ط/613/روي PLD00046034 28/07/2025 23/10/2008 كتب
Implemented & Customized by: BBB with SCIT (Smart Chains for Information Technology)

Powered by Koha